| 000 | 00598nam a2200205 4500 | ||
|---|---|---|---|
| 003 | OSt | ||
| 005 | 20240723013103.0 | ||
| 006 | a | ||
| 008 | 240723b |||||||| |||| 00| 0 eng d | ||
| 020 | _a9781562865474 | ||
| 040 |
_aDWCL-Main lib. _cOC |
||
| 082 | _aCirc. 658.456 T289 2009 | ||
| 110 | _aASTD Press | ||
| 245 | _a10 steps to successful meetings / | ||
| 260 |
_aAlexandria, Virginia: _bASTD Press, _cc2009. |
||
| 300 |
_aviii, _b165 p. : ill. ; _c23 cm. |
||
| 504 | _aIncludes bibliographical references and index. | ||
| 650 | _a1. Business meetings. | ||
| 942 |
_2ddc _n0 _cBK-CIRC _kCirc. |
||
| 999 |
_c2565 _d2565 |
||